| 000 | 00842nam a2200253 a 4500 | ||
|---|---|---|---|
| 001 | BRCA_5390 | ||
| 005 | 20190320205046.0 | ||
| 008 | 091210s1982----u--a#####c---#000-0#eng-# | ||
| 020 | _a0698111206 | ||
| 041 | _aeng | ||
| 044 | _au | ||
| 050 | 4 |
_aNK1133 _b.L95 1982 |
|
| 245 | 1 | 0 |
_aThe Lyle official Antiques Review 1982 _ccompiled by Margot Rutherford ; edited by Anthony Curtis. |
| 260 |
_aEstados Unidos de América _bLyle _c1982 |
||
| 300 |
_a670 p. _bil. _c22 cm. |
||
| 500 | _aIncluye índice alfabético | ||
| 500 | _aDonación Dr. Héctor Rivero Borrell Vázquez | ||
| 650 | 1 | 4 |
_aObjetos de arte _vCatálogos _xColeccionistas y colecciones _913786 |
| 650 | 1 | 4 |
_aAntigüedades _vCatálogos _913758 |
| 700 | 1 |
_aRutherford, Margot _eCompiladora _913787 |
|
| 700 | 1 |
_aCurtis, Anthony _eEditor _913742 |
|
| 902 | _aDHR | ||
| 942 |
_2lcc _cB |
||
| 999 |
_c5084 _d5084 |
||